000 01044cam a22002655a 4500
001 11637544
005 20201128024031.0
008 150218t2015 enka frb 001 0 eng d
020 _a9780444633736
040 _aCaPaEBR
_beng
_epn
_cCaPaEBR
_dWaSeSS
_dEG-ScBUE
082 0 4 _222
_a621.4021
_bWIN
100 1 _aWinterbone, D. E.
245 1 0 _aAdvanced thermodynamics for engineers /
_cDesmond E. Winterbone, Ali Turan.
250 _a2nd ed.
260 _aOxford ;
_aWaltham :
_bButterworth-Heinemann / Elsevier,
_cc.2015.
300 _axxvi, 551 p. :
_bill. ;
_c24 cm.
504 _aIncludes bibliographical references and index.
650 7 _aThermodynamics.
_2BUEsh
_91919
651 _2BUEsh
653 _bENGGEN
_cDecember2016
700 1 _aTuran, Ali,
773 0 _teBook - Engineering 2015 [EBCE15]
776 0 8 _iPrint version:
_aWinterbone, Desmond E.
_tAdvanced thermodynamics for engineers.
_bSecond edition.
_dOxford, [England] ; Waltham, Massachusetts : Butterworth-Heinemann, c2015
_hxxvi, 551 pages
_z9780444633736
942 _2ddc
999 _c23413
_d23385